Wird geladen...

Pithrukarmavidhi(പിതൃക൪മ്മവിധി): anushtaanakramam(അനുഷ്ഠാനക്രമം)/

Bibliographische Detailangaben
1. Verfasser: Sreedharan Thanthri, Paravoor(ശ്രീധര൯ തന്ത്രി, പറവൂ൪)
Format: Printed Book
Veröffentlicht: Kozhikode: Mathrubhumi Books, 2007
Ausgabe:2nd ed.
Schlagworte:
LEADER 010380000a22001810004500
999 |c 40231  |d 40231 
020 |a 818264562X 
020 |a 9788182661806 
082 |a M 294.538 8   |b 32P6 
100 |a Sreedharan Thanthri, Paravoor(ശ്രീധര൯ തന്ത്രി, പറവൂ൪)  |9 55201 
245 |a Pithrukarmavidhi(പിതൃക൪മ്മവിധി):  |b anushtaanakramam(അനുഷ്ഠാനക്രമം)/  |c Paravoor Sreedharan Thanthri(പറവൂ൪ ശ്രീധര൯ തന്ത്രി). 
250 |a 2nd ed. 
260 |a Kozhikode:  |b Mathrubhumi Books,  |c 2007 
300 |a xvi, 86 p. 
650 |a Funeral rites and ceremonies, Hindu.  |9 55202 
942 |c BK 
952 |0 0  |1 0  |4 0  |6 294_538000000000000_8_32P6  |7 0  |8 MAL  |9 40781  |a MGUL  |b MGUL  |c GEN  |d 2013-07-16  |e Rs.50.00  |l 0  |o 294.538 8 32P6  |p 39026  |r 2013-07-16  |y BK 
952 |0 0  |1 0  |4 0  |6 M_294_538000000000000_8_32P61  |7 0  |8 MAL  |9 85401  |a MGUL  |b MGUL  |c GEN  |d 2016-06-20  |e Mathrubhumi Books Invoice No 23 dated 18.05.2016  |g 70.00  |l 1  |m 1  |o M 294.538 8 32P6;1  |p 55484  |r 2020-11-12  |s 2020-09-14  |y BK